000 00446cam a2200169ua 4500
020 _c1.00
041 _amal
_h
082 _a894.8121
_bGOP/PU
100 _aGopala Kurup, Vennikkulam .
245 _aPushpavrishti /
_cVennikkulam Gopala kurup.
_hTextual Documents
260 _aKottayam :
_bSahitya Pravarthaka Co-operative Society ,
_c1961.
300 _a67 ; .
365 _a1.00
504 _a
942 _cBK
999 _c4850
_d4850